Catalog

Record Details

Catalog Search



Vina, láska, náhoda  Cover Image Book Book

Vina, láska, náhoda / Kamila Pacovská

Pacovská, Kamila (Author).

Record details

  • ISBN: 978-80-7465-312-4
  • Physical Description: 289 stran ; 21 cm
  • Publisher: Červený Kostelec : Pavel Mervart, 2018

Content descriptions

Bibliography, etc. Note:
Obsahuje bibliografii, bibliografické odkazy a rejstřík
Language Note:
Anglické resumé
Subject: vina > etické a morální aspekty
vina > filozofické pojetí
láska > etické a morální aspekty
láska > filozofické pojetí
odpovědnost
lidské chování
guilt > ethical and moral aspects
guilt > philosophical approach
love > ethical and moral aspects
love > philosophical approach
responsibility
human behavior
Genre: monografie
monographs

Available copies

  • 1 of 1 copy available at Common Catalog SPOK.

Holds

  • 0 current holds with 1 total copy.
Show All Copies
Location Call Number / Copy Notes Barcode Shelving Location Status Due Date
Jabok Library ET-7/P 424480042622 Odborná literatura Available -

LDR 01819cam a2200541 i 4500
00145885
003CZ-PrJAB
00520200219080413.0
007ta
008181008s2018 xr f 001 0 cze d
015 . ‡acnb003049147
020 . ‡a978-80-7465-312-4 ‡q(vázáno)
035 . ‡a(CZ PrNK)nkc20183049147
035 . ‡a(OCoLC)1081367203
040 . ‡aKLG001 ‡bcze ‡dABA001 ‡erda
0410 . ‡acze ‡beng
072 7. ‡a17 ‡xEtika. Morální filozofie ‡2Konspekt ‡95
080 . ‡a17.024 ‡2MRF
080 . ‡a17 ‡2MRF
080 . ‡a101 ‡2MRF
080 . ‡a177.6 ‡2MRF
080 . ‡a177.7 ‡2MRF
080 . ‡a159.95 ‡2MRF
080 . ‡a(048.8) ‡2MRF
1001 . ‡aPacovská, Kamila ‡7jo2015871493 ‡4aut
24510. ‡aVina, láska, náhoda / ‡cKamila Pacovská
264 1. ‡aČervený Kostelec : ‡bPavel Mervart, ‡c2018
300 . ‡a289 stran ; ‡c21 cm
336 . ‡atext ‡btxt ‡2rdacontent
337 . ‡abez média ‡bn ‡2rdamedia
338 . ‡asvazek ‡bnc ‡2rdacarrier
504 . ‡aObsahuje bibliografii, bibliografické odkazy a rejstřík
546 . ‡aAnglické resumé
65007. ‡avina ‡7ph127104 ‡xetické a morální aspekty ‡2czenas
65007. ‡avina ‡7ph127104 ‡xfilozofické pojetí ‡2czenas
65007. ‡aláska ‡7ph117230 ‡xetické a morální aspekty ‡2czenas
65007. ‡aláska ‡7ph117230 ‡xfilozofické pojetí ‡2czenas
65007. ‡aodpovědnost ‡7ph123697 ‡2czenas
65007. ‡alidské chování ‡7ph117221 ‡2czenas
65009. ‡aguilt ‡xethical and moral aspects ‡2eczenas
65009. ‡aguilt ‡xphilosophical approach ‡2eczenas
65009. ‡alove ‡xethical and moral aspects ‡2eczenas
65009. ‡alove ‡xphilosophical approach ‡2eczenas
65009. ‡aresponsibility ‡2eczenas
65009. ‡ahuman behavior ‡2eczenas
655 7. ‡amonografie ‡7fd132842 ‡2czenas
655 9. ‡amonographs ‡2eczenas
910 . ‡aABG312
995 . ‡aska
901 . ‡a45885 ‡bCZ-PrJAB ‡c45885 ‡tbiblio

Additional Resources